| 000 | 01049nam a22002537a 4500 | ||
|---|---|---|---|
| 005 | 20090527151248.0 | ||
| 008 | 090527t xxu||||| |||| 00| 0 eng d | ||
| 010 | _aENG-93764 | ||
| 020 |
_a9788178298672 _c295.00 |
||
| 035 | _aEN-77297 | ||
| 037 | _bDBAD / PUB | ||
| 040 |
_adpl _bEnglish |
||
| 082 | _a658.4060954 | ||
| 245 |
_aInstitutions, consultants and transformation: _cedited by Lalitha Iyer [and] Shaibal Guharoy _bcase studies from the development sector / |
||
| 260 |
_aNew Delhi _bResponse Books _c2009 |
||
| 270 |
_aBI/I-1 Mohan Cooperative Industrial Area, Mathura Road, _bNew Delhi _e110044 |
||
| 300 |
_axviii, 217p. _c20cm(pbk) |
||
| 500 | _aIncludes index | ||
| 650 |
_aOrganizational change _zIndia _vCase studies. |
||
| 700 | _aIyer, Lalitha | ||
| 700 | _aGuharoy, Shaibal | ||
| 942 |
_2ddc _cEN _mINS _h658.4060954 |
||
| 999 |
_c26868 _d26868 |
||